000 003140000a22001330004500
020 _a0-440-77519-8
082 0 4 _aGI CJ R139b
100 1 _aRalph, Runaway
245 1 0 _aBeverly Cleary / Runaway Ralph, il. : Louis Darling
260 _aNew York : Dell Publishing
300 _a175 P.
001 792
942 _cLGB
999 _c47996
_d47996